Numerical analysis /

Guardado en:
Autor Corporativo: American Mathematical Society Short Course on Numerical Analysis Atlanta, Ga.)
Otros Autores: Golub, Gene H. 1932-2007., Oliger, Joseph, 1941-
Formato: Libro
Idioma:English
Publicado: Providence : American Mathematical Society, 1978, c1977-1978.
Series:Proceedings of symposia in applied mathematics ; v. 22
Materias:
Etiquetas: Agregar Etiqueta
Sin Etiquetas, Sea el primero en etiquetar este registro!
LEADER 01857cam a22002654a 4500
001 MAT.inmabb005420
008 780921t19781977riua#####b####100#0#eng##
005 20171010172612.0
245 1 0 |a Numerical analysis /  |c [edited by Gene H. Golub, Joseph Oliger]. 
260 |a Providence :  |b American Mathematical Society,  |c 1978, c1977-1978. 
300 |a viii, 135 p. :  |b il. ;  |c 26 cm. 
440 0 |a Proceedings of symposia in applied mathematics ;  |v v. 22 
500 |a "Lecture notes prepared for the American Mathematical Society Short Course [on] Numerical Analysis, held in Atlanta, Georgia, January 3-4, 1978. The term numerical analysis is too narrow as a description of the area as it is generally viewed today, since the construction of algorithms is an important aspect of the subject as well. The papers given here are mainly of a mathematical nature.". 
504 |a Incluye referencias bibliográficas. 
510 4 |a MR,  |c 80c:65007 
505 0 |a Gene H. Golub and Joseph Oliger, Preface (pp. vii-viii); Cleve Moler, Three research problems in numerical linear algebra -- J. E. Dennis, Jr., A brief introduction to quasi-Newton methods -- Carl de Boor, The approximation of functions and linear functionals: best vs. good approximation -- James M. Varah, Numerical methods for the solution of ordinary differential equations -- Joseph Oliger, Methods for time dependent partial differential equations -- George J. Fix, Variational methods for elliptic boundary value problems --. 
020 |a 0821801228 
111 2 |a American Mathematical Society Short Course on Numerical Analysis  |d (1978 :  |c Atlanta, Ga.) 
700 1 |a Golub, Gene H.  |q (Gene Howard),  |d 1932-2007. 
700 1 |a Oliger, Joseph,  |d 1941- 
650 0 |a Numerical analysis. 
084 |a *CODIGO*  |2 MR 
010 |a  78011096  
040 |a DLC  |c DLC  |d DLC 
859 |k H  |p PSAPM-22  |b BIB. MATEMATICA